00380nam a2200133Ia 45000010005000000080041000050200022000460820017000681000019000852450073001042600027001779010027002049990015002312318241024s9999 xx 000 0 und d a978-9945-469-99-8 aRD/792/T693a aEsteban Torres 0aAntropología dramática. Premio Letras de Ultramar de Ensayo 2011 bEditora Nacionalc2012 a8/8/2012 10:05:02 a.m. c7935d7935